| 000 | 01034nam a2200289Ia 4500 | ||
|---|---|---|---|
| 001 | dia_1114 | ||
| 003 | CHAP | ||
| 005 | 20230120102950.0 | ||
| 008 | 220117s1968 xx 000 0 und d | ||
| 010 | _a171661 | ||
| 040 | _cCHAP | ||
| 082 | _a368.12 M49 1968 | ||
| 110 |
_aMéxico. Aseguradora Nacional Agrícola y Ganadera _9150061 |
||
| 245 |
_aPrograma de aseguramiento agrícola ciclo 68-68 / _c Aseguradora Nacional Agrícola Ganadera |
||
| 260 |
_aChapingo, México : _b ENA. Departamento de Industrias Agrícolas, _c1968 |
||
| 300 | _a2 v. | ||
| 440 |
_aSerie de encuadernaciones Departamento de Industrias Agrícolas _9147574 |
||
| 500 | _aMaterial fotocopiado | ||
| 590 | _aHG9966 M49 1968 | ||
| 650 |
_aCrop insurance _xCosts _9150062 |
||
| 650 |
_aSeguros para cultivos _xCostos _9150063 |
||
| 710 |
_aAseguradora Nacional Agrícola y Ganadera (México) _9150064 |
||
| 901 | _a368.12 M49 1968 | ||
| 902 | _aM | ||
| 905 | _a5232271968 MX n 8223222322SPA16 | ||
| 942 |
_cLIBRO _2ddc |
||
| 999 |
_c171661 _d171661 |
||